Conceptual design of distillation systems /

Guardado en:
Autor Principal: Doherty, Michael F.
Otros Autores: Malone, Michael F., 1952-
Formato: Libro
Idioma:English
Publicado: Boston : McGraw-Hill, c2001.
Series:McGraw-Hill chemical engineering series
Materias:
Etiquetas: Agregar Etiqueta
Sin Etiquetas, Sea el primero en etiquetar este registro!
LEADER 01048cam a22002415a 4500
001 EIQ.libpla000143
008 000815s2001####maua#####b####001#0#eng#d
005 20070823170025.0
245 1 0 |a Conceptual design of distillation systems /  |c M.F. Doherty and M.F. Malone. 
260 |a Boston :  |b McGraw-Hill,  |c c2001. 
300 |a xxiv, 568 p. :  |b il. ;  |c 25 cm. +  |e 1 CD-ROM (12cm.). 
440 0 |a McGraw-Hill chemical engineering series 
504 |a Incluye referencias bibliográficas e índice. 
538 |a Requerimiento del sistema: PC IBM o 100% compatible; procesador Pentium II 400 MHz ; 64MB de RAM; 50MB RAM de espacio libre en el disco rígido; Microsoft Windows 95 o superior, Microsoft Windows NT 4.0 o Microsoft Windows 2000. 
020 |a 0070174237 
100 1 |a Doherty, Michael F. 
700 1 |a Malone, Michael F.,  |d 1952- 
082 0 0 |a 660/.28425  |2 21 
650 4 |a Distillation  |x Theory. 
650 4 |a Destilación  |x Teoría. 
010 |a  00063791  
040 |a DLC  |c DLC  |d AR-BbSID 
859 |a AR-BbSID  |b BIB. PLAPIQUI  |h 660.284 25  |i D 68  |p 5798